Encyclopedia of gardening (Record no. 25005)

MARC details
000 -LEADER
fixed length control field 00333nam a2200133Ia 4500
082 ## - DEWEY DECIMAL CLASSIFICATION NUMBER
Classification number 635(031)
Item number BOW
245 #0 - TITLE STATEMENT
Title Encyclopedia of gardening
260 ## - PUBLICATION, DISTRIBUTION, ETC. (IMPRINT)
Place of publication London
Name of publisher Marshall Cavendish
Year of publication 1975
650 ## - SUBJECT ADDED ENTRY--TOPICAL TERM
Topical Term gardening
700 ## - ADDED ENTRY--PERSONAL NAME
Personal name Hillier, Vivien
700 ## - ADDED ENTRY--PERSONAL NAME
Personal name Rose-Marie
942 ## - ADDED ENTRY ELEMENTS (KOHA)
Koha item type Books
Holdings
Withdrawn status Lost status Damaged status Not for loan Home library Current library Date acquired Cost, normal purchase price Full call number Accession Number Koha item type
        RRII Library RRII Library 16/12/2021 4.95 635(031) BOW 05669 Books